Gespräch zwischen den konfessionen
I tiakina i:
| Ngā kaituhi matua: | , |
|---|---|
| Hōputu: | Pukapuka |
| Reo: | Tiamana |
| I whakaputaina: |
Hamburgo
Fischer Bucherei
1959
|
| Putanga: | 1a. ed |
| Ngā marau: | |
| Ngā Tūtohu: |
Tāpirihia he Tūtohu
Kāore He Tūtohu, Me noho koe te mea tuatahi ki te tūtohu i tēnei pūkete!
|
MARC
| LEADER | 00000cam a2200000 a 4500 | ||
|---|---|---|---|
| 001 | UCD3166 | ||
| 003 | CL-VaPUC | ||
| 008 | 160526e19591200gw |||||||||||||||||ger|d | ||
| 082 | 0 | 4 | |a 280 |b ASM |2 21 |
| 100 | 0 | |a Asmussen, Hans |e author |9 586530 | |
| 700 | 0 | |a Sartory, Thomas |e author |9 586531 | |
| 245 | 1 | 0 | |a Gespräch zwischen den konfessionen |
| 250 | |a 1a. ed | ||
| 300 | |a 223 p | ||
| 942 | |c BK | ||
| 945 | |d 20160526 21:26:00 |a arojas | ||
| 260 | |a Hamburgo |b Fischer Bucherei |c 1959 | ||
| 650 | 7 | |a IGLESIA LUTERANA |2 CL-VaPUC |9 586532 | |
| 650 | 0 | |a Iglesia Católica |9 256114 | |
| 650 | 7 | |a DOCTRINAS |2 CL-VaPUC |9 317761 | |
| 583 | |a last modification |c 20160526 21:26:00 |k Rodrigo Vera | ||
| 999 | |c 364218 |d 364216 | ||
| 952 | |0 0 |1 0 |3 erb |4 0 |6 280_000000000000000_ASM_1959 |7 0 |8 A |9 477197 |a FDOHBE |b FDOHBE |e Huesbe Llanos, Marco Antonio, 1934- |i 5304172 |o 280 ASM 1959 |p 5304172 |r 2024-01-30 |w 2019-11-24 |y BK |z Catalogado en:20160526 |k HBE | ||